Jean-François Mattéi, Le sens de la démesure, Hubris et Dikè, Cabris, Sulliver, 2009, 202 p. (notice n° 1657905)
[ vue normale ]
| 000 -LEADER | |
|---|---|
| fixed length control field | 01299cam a2200169 4500500 |
| 005 - DATE AND TIME OF LATEST TRANSACTION | |
| control field | 20260208010725.0 |
| 041 ## - LANGUAGE CODE | |
| Language code of text/sound track or separate title | fre |
| 042 ## - AUTHENTICATION CODE | |
| Authentication code | dc |
| 100 10 - MAIN ENTRY--PERSONAL NAME | |
| Personal name | Lorvellec, Yves |
| Relator term | author |
| 245 00 - TITLE STATEMENT | |
| Title | Jean-François Mattéi, Le sens de la démesure, Hubris et Dikè, Cabris, Sulliver, 2009, 202 p. |
| 260 ## - PUBLICATION, DISTRIBUTION, ETC. | |
| Date of publication, distribution, etc. | 2011.<br/> |
| 500 ## - GENERAL NOTE | |
| General note | 56 |
| 520 ## - SUMMARY, ETC. | |
| Summary, etc. | RésuméCette revue critique marque un contraste entre deux ouvrages récents sur les concepts : une approche psychologique cohérente qui met l’accent sur le développement des concepts et une approche philosophique superficielle qui se veut « contextualiste » et débouche sur l’affirmation que tous les concepts sont vagues et indéterminés. |
| 520 ## - SUMMARY, ETC. | |
| Summary, etc. | The Emperor’s new conceptsA critical review of two recent books on concepts. A contrast is made between a powerful psychological approach, which emphasises the developmental profile of concepts, and a shallow philosophical approach which calls itself « contextualist » and implausibly leads to the claim that all concepts are vague or indeterminate. |
| 786 0# - DATA SOURCE ENTRY | |
| Note | Revue philosophique de la France et de l'étranger | 136 | 2 | 2011-05-17 | p. 247za-273za | 0035-3833 |
| 856 41 - ELECTRONIC LOCATION AND ACCESS | |
| Uniform Resource Identifier | <a href="https://shs.cairn.info/revue-philosophique-2011-2-page-247za?lang=fr&redirect-ssocas=7080">https://shs.cairn.info/revue-philosophique-2011-2-page-247za?lang=fr&redirect-ssocas=7080</a> |
Pas d'exemplaire disponible.




Réseaux sociaux